000 00949nam a2200253Ia 4500
003 OSt
005 20220923212006.0
006 a|||||r|||| 00| 0
007 ta
008 220922b |||||||| |||| 00| 0 hin d
024 _a79,202
037 _cTextual
040 _aARTS
_cARTS
_bhin
041 _2hin
_ahin
082 _aR6947x6,3:g, 152 M8
100 _aपाण्डेय, रामचन्द्र; पाण्डेय, राघवेन्द्र; मंजु
_9161832
245 0 _aवादन्याय
246 _aVādanyāya
260 _aदिल्ली
_b ईस्टन बुक लिंकर्स
_c1988
300 _a356पृ.
_ccm.
650 _aभारतीय दर्शन
942 _hR6947x6,3:g, 152 M8
_cTEXL
_2CC
999 _c305231
_d305231